[Event "URS-ch58"]
[Site "Moscow"]
[Date "1991.??.??"]
[Round "1"]
[White "Titov, German1"]
[Black "Eingorn, Vereslav S"]
[Result "0-1"]
[WhiteElo "2505"]
[BlackElo "2585"]
[Annotator "Blatny,P"]
[PlyCount "74"]
[EventDate "1991.11.??"]
[EventType "swiss"]
[EventRounds "11"]
[EventCountry "URS"]
[SourceTitle "URS-ch"]
[Source "ChessBase"]
[SourceDate "1999.07.01"]
[SourceVersion "1"]
[SourceVersionDate "1999.07.01"]
[SourceQuality "1"]

1. e4 e6 2. d3 c5 3. Nf3 Nc6 4. c3 (4. g3 d5 5. Nbd2 {Pc2,d3}) 4... d5 {[+]} 5.
Nbd2 g6 (5... Nf6) 6. g3 {/\Bg2, ><d3} Bg7 7. Bg2 Nge7 {/\0-0,f5!?} 8. h4 h6 {
/\ 9.h5 g5} 9. O-O (9. h5 g5) 9... b6 {/\Bb7,Qc7,0-0-0 or 0-0} 10. Re1 Bb7 11.
exd5 Nxd5 {<->d, ><d3} (11... exd5 {<-> e}) 12. Nc4 {><e5} O-O 13. Nfe5 Nxe5 (
13... Qc7 14. Nxc6 Bxc6 15. Ne3) 14. Nxe5 Qc7 {><e5} 15. Qe2 Nf6 {/\ Bg2,
2R<->d --> _|_} 16. Bf4 Bxg2 17. Kxg2 (17. Nxg6 Qb7 $40) 17... Qb7+ 18. Qf3 (
18. Kh2 Rad8 {/\Rd5}) 18... Qxf3+ 19. Nxf3 Rfd8 {><d3} 20. Rad1 Nd5 {[+]} 21.
Bc1 Ne7 22. h5 $6 (22. d4 cxd4 23. Nxd4 Bxd4 24. Rxd4 Rxd4 25. cxd4 Rd8 {-+ _|_
}) (22. Re4 {/\Ne1}) 22... g5 23. Nh2 Rd5 24. Kf1 Rad8 25. Ke2 Nc6 26. Ng4 b5 {
/\ 27...b4 ><d4} 27. Ne3 R5d7 28. f4 b4 {><c3} 29. c4 (29. cxb4 Nxb4 $19) 29...
b3 $1 30. a3 $8 (30. axb3 Nb4 {קd3,Pb3}) 30... f5 {/\31...g4,Nd4-f3} 31. Nf1
g4 32. Be3 (32. Nh2 Kf7 33. Rd2 Nd4+ 34. Kf2 Nc2 35. Red1 Bd4+ {/\Be3 -+})
32... Bxb2 33. Rb1 Bxa3 (33... Bc3 34. Rec1 {/\Rb3} Rxd3 35. Rxb3) 34. Rxb3 Bb4
35. Ra1 a5 36. Nd2 Re8 37. Kd1 e5 (37... e5 38. fxe5 Rxe5 39. Bxh6 Nd4 40. Rbb1
Rde7) 0-1

[Event "Bugojno"]
[Site "Bugojno"]
[Date "1978.03.06"]
[Round "8"]
[White "Larsen, Bent"]
[Black "Ljubojevic, Ljubomir"]
[Result "0-1"]
[WhiteElo "2620"]
[BlackElo "2605"]
[Annotator "Bulletin"]
[PlyCount "78"]
[EventDate "1978.02.27"]
[EventType "tourn"]
[EventRounds "15"]
[EventCountry "YUG"]
[EventCategory "14"]
[SourceTitle "MCL"]
[Source "ChessBase"]
[SourceDate "1999.07.01"]
[SourceVersion "1"]
[SourceVersionDate "1999.07.01"]
[SourceQuality "1"]

1. Nf3 c5 2. g3 d5 3. Bg2 Nc6 4. O-O e5 5. d3 Be7 6. e4 d4 (6... dxe4 $6 7.
dxe4 Qxd1 8. Rxd1 Bg4 9. c3 Rd8 10. Rxd8+ Bxd8 11. Be3 b6 12. Na3 $14 {
Larsen-Kraidman, Manila 1974}) 7. a4 g5 $1 8. Nbd2 Be6 9. Nc4 f6 10. h4 h6 11.
Nh2 gxh4 12. Qh5+ Kd7 13. Qxh4 f5 14. Qh5 Nf6 15. Qe2 fxe4 16. dxe4 $2 (16.
Bxe4 $1 Nxe4 17. Qxe4 Bd6 18. Ng4) 16... Qg8 17. b3 h5 $17 18. f4 Bxc4 19. Qxc4
Qxc4 $1 (19... Qxg3 20. Rf3 $13) 20. bxc4 Rag8 21. fxe5 Nxe5 22. Bf4 Bd6 23.
Rab1 Kc7 24. Nf3 Nxf3+ 25. Rxf3 Nxe4 $1 26. Rfb3 b6 $1 $19 27. Bxd6+ (27. Bxe4
Bxf4 $19) 27... Nxd6 28. Bd5 Rg5 29. Re1 Rh7 30. Kg2 Rhg7 31. Kh2 Nf5 32. a5
Ne3 33. axb6+ axb6 34. Ra1 Nxd5 35. cxd5 Kd6 36. Rxb6+ Kxd5 37. Ra3 h4 38. gxh4
Rg2+ 39. Kh3 Rg1 0-1

[Event "Gran Canaria op"]
[Site "Las Palmas"]
[Date "1997.??.??"]
[Round "?"]
[White "Barlov, Dragan"]
[Black "Tkachiev, Vladislav"]
[Result "0-1"]
[WhiteElo "2470"]
[BlackElo "2615"]
[Annotator "Bulletin"]
[PlyCount "96"]
[EventDate "1997.??.??"]
[EventType "swiss"]
[EventRounds "9"]
[EventCountry "ESP"]
[SourceTitle "EXT 1999"]
[Source "ChessBase"]
[SourceDate "1998.11.16"]
[SourceVersion "1"]
[SourceVersionDate "1998.11.16"]
[SourceQuality "1"]

1. e4 c5 2. Nf3 e6 3. d3 Nc6 4. g3 d5 5. Qe2 Nge7 6. Bg2 g6 7. O-O Bg7 8. c3 b6
9. Re1 h6 10. h4 d4 11. cxd4 Nxd4 12. Nxd4 Qxd4 13. Nc3 Ba6 14. Be3 Qd7 15.
Rad1 Rd8 16. Bf1 Nc6 17. Rd2 Nd4 18. Qd1 Bf6 19. f4 h5 20. Bh3 Bb7 21. Rf1 Be7
22. Bg2 Kf8 23. Ne2 Bf6 24. Kh2 Nxe2 25. Qxe2 Ba6 26. Rfd1 Bd4 27. Qf3 Kg7 28.
Bf1 Qe7 29. Rf2 Bxe3 30. Qxe3 Rd4 31. Re1 Re8 32. Qd2 Qd6 33. Qc3 Bb5 34. Rf3
Kg8 35. Ree3 Rd8 36. Qe1 Bc6 37. Kg1 b5 38. Rf2 c4 39. dxc4 bxc4 40. Kh2 Qc5
41. Bg2 Rd1 42. Qc3 Bxe4 $3 43. Ree2 (43. Bxe4 R8d3 44. Bxd3 Qxe3 45. Rg2 cxd3
46. Qc8+ Kg7 47. Qc3+ e5 48. fxe5 Rc1 $19) (43. b4 Qb6) 43... Bxg2 44. Kxg2
R8d4 45. Qf3 Ra1 46. Rd2 Rxa2 47. Qc3 Qd5+ 48. Kh2 Ra1 0-1

[Event "Vienna op"]
[Site "Vienna"]
[Date "1996.??.??"]
[Round "3"]
[White "Bologan, Viktor"]
[Black "Horvath, Jozsef"]
[Result "1/2-1/2"]
[WhiteElo "2600"]
[BlackElo "2515"]
[Annotator "Chekhov,V"]
[PlyCount "107"]
[EventDate "1996.??.??"]
[EventType "swiss"]
[EventRounds "9"]
[EventCountry "AUT"]
[SourceTitle "CBM 053 Extra"]
[Source "ChessBase"]
[SourceDate "1996.09.01"]
[SourceVersion "1"]
[SourceVersionDate "1996.09.01"]
[SourceQuality "1"]

1. e4 c5 2. Nf3 e6 3. d3 Nc6 4. g3 d5 5. Nbd2 Bd6 6. Bg2 Nge7 7. O-O O-O 8. Nh4
(8. Re1 $5 Qc7 9. c3 Bd7 10. Qe2 f6 11. a3 a5 12. a4 Rae8 $132 {Van der Weide,
K-Tompa,J/Groningen/1995/0,5/14/}) 8... b6 9. f4 dxe4 10. dxe4 Ba6 11. Re1 Bc7
12. e5 (12. c3 $5 Bd3 (12... Qd7 13. e5 Rad8 14. Qh5 f5 15. exf6 Rxf6 16. Ne4
Rh6 $2 17. Qxh6 $1 $18 {Lerner,K-Dolmatov,S/Kharkov/1985/1|0/30/}) 13. e5 Qd7
14. Ne4 Rad8 15. Qg4 Bxe4 16. Bxe4 Ng6 17. Nf3 Nce7 18. Bc2 $14 {Dolmatov,
S-Lautier,J/Polanica Zdroj/1991/1|0/46/}) 12... Qd7 13. Qh5 (13. c3 $5) 13...
Nd4 14. Be4 (14. Bxa8 Rxa8 (14... Nxc2 15. Be4 g6 16. Qd1 Nxa1 17. Ndf3 Qb5 18.
b3 $16) 15. Qd1 Bb7 $146) 14... Nef5 15. Nhf3 (15. c3 g6 16. Qg4 Nxh4 17. gxh4
(17. Qxh4 Ne2+ 18. Kg2 Nxc1 $19) 17... Nf5 18. Bxa8 Rxa8 19. Ne4 Qc6 20. Bd2
Bb7 21. h5 Rd8 $146) 15... Rad8 16. c3 Ne2+ 17. Kf2 Nxc1 18. Raxc1 f6 19. exf6
(19. Bxf5 exf5 20. e6 Qe7 21. Qxf5 Rd3 $146) 19... Rxf6 20. Kg1 g6 21. Qh3 e5
$1 $10 22. fxe5 Bxe5 23. Bc2 (23. Nxe5 Qxd2 24. Ng4 Re6 $36) 23... Bc7 24. Bb3+
Kh8 25. Ng5 Nd6 26. Be6 (26. Ne6 c4 27. Bc2 Bc8 $19) 26... Qg7 27. Qh4 (27. Bg4
$5 Re8 28. Ne6 Qf7 29. Nxc7 Qxc7 30. Rxe8+ Nxe8 31. Ne4 Rf8 (31... Rf7 $5) 32.
Rd1 Bb5 33. Bd7 Be2 34. Rd2 Bf1 35. Qh4 $36) 27... Rdf8 28. Bh3 Bd8 $1 29. Qa4
(29. Ne6 Rxe6 $19) (29. Qg4 Bc8 $36) 29... Bb5 30. Qg4 Qh6 (30... h5 $5 31. Qd1
$132) 31. Nde4 (31. Ne6 Qxd2 $19) (31. Bg2 $5) 31... Nxe4 32. Nxe4 Rf3 33. Bg2
(33. Nd6 $5 Bd3 34. Rcd1 Bc7 35. Ne4 $132) 33... Re3 34. Rcd1 (34. h4 Bc7 $1)
34... Bd3 35. Nd6 (35. Nf2 $5 Bf5 (35... Rxe1+ 36. Rxe1 Rxf2 (36... Qd2 37.
Nxd3 $10) 37. Kxf2 Qd2+ 38. Re2 $10) 36. Qc4 Rxe1+ 37. Rxe1 Qd2 38. Qe2 $10)
35... Rxe1+ 36. Rxe1 Qd2 37. Qd1 Qf2+ 38. Kh1 Bc7 39. Ne4 (39. Rg1 $5) 39...
Bxe4 40. Bxe4 (40. Rxe4 Qxb2 41. Re7 Bd6 42. Rxa7 Qxc3 $17) 40... Qxb2 41. Qd7
$2 (41. Qc2 Qxc2 42. Bxc2 Rf2 43. Bb3 b5 44. Bd5 $17) 41... Qxc3 42. Rd1 Rd8
43. Qa4 Rxd1+ 44. Qxd1 Qe5 $19 45. Bg2 c4 $2 (45... Kg7 $5) 46. Qf1 $1 Kg7 (
46... Qe6 47. Qf8+ Qg8 48. Qxg8+ Kxg8 49. Bd5+ Kf8 50. Bxc4 $10) 47. Qxc4 b5
48. Qd3 h5 49. Qd7+ Kh6 50. Qd2+ g5 51. h4 Qxg3 52. Qxg5+ Qxg5 53. hxg5+ Kxg5
54. Bd5 $10 1/2-1/2

[Event "Biel MTO op"]
[Site "Biel"]
[Date "1990.??.??"]
[Round "5"]
[White "Vogt, Lothar"]
[Black "Kindermann, Stefan"]
[Result "0-1"]
[WhiteElo "2505"]
[BlackElo "2530"]
[Annotator "ChessBase"]
[PlyCount "62"]
[EventDate "1990.07.??"]
[EventType "swiss"]
[EventRounds "11"]
[EventCountry "SUI"]
[SourceTitle "EXT 2000"]
[Source "ChessBase"]
[SourceDate "1999.11.16"]
[SourceVersion "1"]
[SourceVersionDate "1999.11.16"]
[SourceQuality "1"]

1. e4 e6 2. d3 d5 3. Nd2 c5 4. Ngf3 Nc6 5. g3 g6 6. Bg2 Bg7 7. O-O Nge7 8. Re1
b6 $1 (8... O-O 9. h4 Qc7 10. h5 h6 11. hxg6 fxg6 12. c3) 9. c3 a5 10. a4 Ba6
11. exd5 Nxd5 12. Nc4 O-O 13. Qe2 Qc7 14. Bd2 h6 15. h4 Rad8 16. h5 $1 g5 {d}
17. Nxg5 $5 hxg5 18. Bxg5 f6 $1 (18... Rde8 19. h6 Bh8 20. h7+ $1 Kxh7 21. Qh5+
Kg8 22. Be4 f6 23. Bxd5 fxg5 24. Rxe6 Rxe6 25. Bxe6+ Kg7 26. Qxg5+ Kh7 27. Kg2
$1) (18... Nf6 $2 19. Bxf6 Bxf6 20. Qf3) 19. Qxe6+ Qf7 20. Bh4 (20. Bd2) 20...
Ne5 $1 21. Qxf7+ Nxf7 22. Re6 Bc8 23. Rc6 Bb7 24. Bxd5 (24. Re6) 24... Rxd5 25.
Rxb6 Ba8 26. Bxf6 $6 Rxh5 27. Bh4 Ng5 28. Nd2 Nh3+ 29. Kh2 Nxf2 30. Rf1 {d}
Rxh4+ $1 31. gxh4 Be5+ 0-1

[Event "Altensteig"]
[Site "Altensteig"]
[Date "1994.??.??"]
[Round "5"]
[White "Hug, Werner"]
[Black "Dautov, Rustem"]
[Result "1/2-1/2"]
[WhiteElo "2445"]
[BlackElo "2630"]
[Annotator "Dautov,R"]
[PlyCount "50"]
[EventDate "1994.08.??"]
[EventType "tourn"]
[EventRounds "11"]
[EventCountry "GER"]
[EventCategory "12"]
[SourceTitle "CBM 043"]
[Source "ChessBase"]
[SourceDate "1994.12.01"]
[SourceVersion "1"]
[SourceVersionDate "1994.12.01"]
[SourceQuality "1"]

1. Nf3 {Horn,Pe} d5 2. g3 c5 3. Bg2 g6 4. O-O Bg7 5. d3 Nc6 6. c3 Nf6 7. Nbd2
O-O 8. e4 e5 9. exd5 Nxd5 10. Re1 (10. Qb3 {Horn,Pe} Nc7 11. Nc4 b5 12. Ne3 Bd7
$13 {Jansa-Rukavina/Bor/1983}) 10... h6 11. a4 (11. Nc4 Re8 12. a4 (12. Qb3 {
Horn,Pe} Nb6 13. Nfd2 (13. Be3 Be6 14. Nfd2 Qxd3 15. Bf1 Qd8 16. Bxc5 Nxc4 17.
Nxc4 Na5 18. Qa4 Nxc4 19. Bxc4 Bxc4 20. Qxc4 $10 {Dünhaupt-Sevecek/corr/1973})
13... Be6 14. Qc2 Qc7 15. b3 Rad8 $132 {Barlov-Banas/Belgrad/1988}) 12... Nb6
$5 (12... Bf5 $5) 13. Ne3 Na5 $1 14. Qc2 Be6 15. Nd2 Qd7 16. Rd1 Qc7 17. b3
Rad8 18. Ndc4 Nd5 19. Bd2 Nc6 20. Re1 Nde7 21. Rad1 Kh7 22. Bc1 f5 $15 {
Rukavina-Rajcevic/JUG/1975}) (11. Qb3 {Horn,Pe}) 11... Be6 (11... Re8 $1 {
Horn,Pe} 12. Nc4 Bf5 $10 13. h3 Nb6) 12. Nc4 Qc7 13. Nfd2 (13. Qe2 Rfe8 14.
Nfxe5 $2 Nxe5 15. Nxe5 Bxe5 16. Qxe5 Bd7 17. Qxe8+ Rxe8 18. Rxe8+ Bxe8 19. Bxd5
Qe5 $5 $17) (13. a5 $142 $1 b5 14. axb6 axb6 15. Rxa8 Rxa8 16. Qb3 $10) 13...
Nb6 14. Ne3 Rfd8 (14... Rad8 $5 15. a5 Nd5 16. Nec4 Nde7 17. Qa4 (17. Qc2 Qd7
18. Bf1 f5 19. Nb3 b6 20. axb6 Bxc4 21. dxc4 axb6 $10) 17... Rxd3 18. Qb5 Rfd8
19. Qxc5 f5 $15) (14... Na5 $5 15. Qe2 Rad8 16. Ndc4 Nbxc4 17. Nxc4 Nxc4 18.
dxc4 Rd7 19. f4 exf4 20. Bxf4 Qc8 21. Rad1 Rfd8 $15) 15. Qe2 (15. a5 {Horn,Pe}
Nd5 16. Nec4) 15... f5 16. h4 (16. a5 Nd5 17. Nec4 Bf7 18. Nb3 b6 19. axb6 axb6
20. Rxa8 Rxa8 $15) 16... Qd7 17. a5 Nd5 18. Nec4 Nde7 (18... Bf7 $5 19. Nb3 b6
(19... Bf8 $5) 20. axb6 axb6 21. Bxd5 $2 (21. Bd2 Qc7 $15) 21... Qxd5 22. Nxb6
Qxb3 23. Nxa8 Qb7 $17) 19. Nf3 $1 Bxc4 20. dxc4 e4 $2 (20... Qc7 21. a6 b6 22.
Nh2 Rd7 {/\} 23. Nf1 Rad8 24. Ne3 e4 $15) 21. Nh2 Ne5 $6 (21... Qd3 $5 22. Be3
Qxe2 23. Rxe2 b6 $10) 22. f3 Nd3 23. Rd1 Qc7 24. Nf1 (24. fxe4 {Horn,Pe} Nxc1
25. Raxc1 Qxg3) 24... exf3 (24... f4 25. Bxf4 Nxf4 26. gxf4 Qxf4 27. Qxe4 Qxe4
28. fxe4 Bf6 29. a6 $16) (24... Nxc1 25. Raxc1 Qxa5 26. fxe4 Qc7 27. exf5 Nxf5
28. Qe6+ Kh7 29. h5 $16) 25. Bxf3 Nxc1 (25... Nxc1 26. Raxc1 {/\a6} Rab8 (26...
Nc6 27. Qe6+ Kh7 28. a6 $16) 27. Qe6+ Kh8 28. Rxd8+ Rxd8 29. Re1 Rd7 30. h5 g5
(30... gxh5 31. Bxh5 {/\Be8}) 31. Bd5 Qd8 32. g4 $16 {/\} Nxd5 33. cxd5 Rxd5
34. Qg6 $18) 1/2-1/2

[Event "Varna-18"]
[Site "Varna"]
[Date "1979.05.20"]
[Round "6"]
[White "Inkiov, Ventzislav"]
[Black "Dobosz, Henryk"]
[Result "0-1"]
[WhiteElo "2460"]
[BlackElo "2380"]
[Annotator "Dobosz,H"]
[PlyCount "80"]
[EventDate "1979.05.15"]
[EventType "tourn"]
[EventRounds "13"]
[EventCountry "BUL"]
[EventCategory "5"]
[SourceTitle "EXT 2005"]
[Source "ChessBase"]
[SourceDate "2004.11.15"]
[SourceVersion "1"]
[SourceVersionDate "2004.11.15"]
[SourceQuality "1"]

{27/16} 1. e4 {Chess Informant} e6 2. d3 d5 3. Nd2 c5 4. Ngf3 Nc6 5. g3 Bd6 6.
Bg2 Nge7 7. O-O O-O 8. Re1 Bc7 9. b3 $5 (9. c3) 9... f5 10. exd5 exd5 11. Ba3
$5 Bd6 $1 (11... b6 12. d4 $1 $13) 12. c4 $6 (12. Ng5 Rf6 13. Bb2 d4 $5 14. Nc4
h6 $13) 12... d4 $1 13. Ng5 Rf6 14. f4 h6 15. Ngf3 Qc7 16. Re2 (16. b4 cxb4 17.
Bb2 Bc5 18. Nb3 Qd6 19. Qd2 Be6 20. Qf2 Rd8 $17) 16... a5 $1 $15 17. Ne1 $2 g5
$17 18. fxg5 hxg5 19. Nef3 (19. Ndf3 f4 $1) 19... Rg6 20. Qe1 Bd7 21. Nf1 Rf8
22. h3 (22. Bc1 f4 23. gxf4 gxf4 $17) 22... g4 23. hxg4 Rxg4 24. Bc1 f4 (24...
Bxg3 $6 25. Nxg3 Qxg3 26. Qxg3 Rxg3 27. Bf4 $44) 25. Bxf4 Bxf4 26. gxf4 Qxf4
27. N1h2 Rg7 28. Re4 Qd6 29. Rh4 Nf5 (29... Ng6 $142 30. Rh6 Qf4 31. Rh5 Re8)
30. Rg4 $1 Rxg4 31. Nxg4 Qf4 (31... Re8 $5 32. Qf2 Ne3) 32. Qe4 Qxe4 $1 33.
dxe4 Ng3 34. Nge5 Be8 $1 35. Nd3 (35. Nxc6 Bxc6 36. Nd2 Ne2+ $1 37. Kh2 Rf2 $17
) (35. Re1 Nb4 $1 $17) 35... b6 (35... Nxe4 36. Nxd4 $1) 36. Re1 Nb4 37. Nxb4
axb4 38. Ng5 $2 (38. Kf2 $17) 38... Bh5 $19 39. Bf1 Nxf1 40. Rxf1 d3 $1 0-1

[Event "Schoeneck"]
[Site "Schoeneck"]
[Date "1996.??.??"]
[Round "1"]
[White "Votava, Jan"]
[Black "Luther, Thomas"]
[Result "1/2-1/2"]
[WhiteElo "2545"]
[BlackElo "2495"]
[Annotator "Endgame-CD"]
[PlyCount "199"]
[EventDate "1996.??.??"]
[EventType "tourn"]
[EventRounds "9"]
[EventCountry "GER"]
[SourceTitle "CBM 056"]
[Source "ChessBase"]
[SourceDate "1997.02.01"]
[SourceVersion "1"]
[SourceVersionDate "1997.02.01"]
[SourceQuality "1"]

1. e4 e6 2. d3 d5 3. Nd2 c5 4. Ngf3 Nc6 5. g3 Bd6 6. Bg2 Nge7 7. O-O O-O 8. Re1
Bc7 9. c3 Rb8 10. Qc2 b5 11. a3 a5 12. d4 cxd4 13. cxd4 Bb6 14. exd5 exd5 15.
Nb3 Bg4 16. Be3 Rc8 17. Qd3 a4 18. Nbd2 Na7 19. Rac1 Bf5 20. Qf1 Nec6 21. Nh4
Be6 22. Ndf3 h6 23. Qd3 Qf6 24. Ne5 Na5 25. Rxc8 Rxc8 26. f4 Nc4 27. f5 Nxe3
28. fxe6 Qxe6 29. Rxe3 Rc1+ 30. Kf2 Nc6 31. Nxc6 Qxc6 32. Nf5 Qf6 33. Bf3 g6
34. Ne7+ Kg7 35. Nxd5 Qxd4 36. Nxb6 Qxb6 37. Kg2 Qc5 38. Qe4 Kh7 39. Re1 Rc2+
40. Re2 Rc1 41. Rf2 Kg7 42. Qd5 Qxd5 43. Bxd5 f5 44. Re2 Kf6 45. Kf2 Rc5 46.
Bf3 b4 47. h4 g5 48. h5 g4 49. axb4 Rb5 50. Bc6 Rxb4 51. Be8 Rd4 52. Kg2 Rb4
53. Rf2 Rd4 54. Bg6 Rd5 55. Kf1 Re5 56. Rf4 Rb5 57. Rxa4 Rxb2 58. Ra6+ Kg5 59.
Bf7 f4 60. gxf4+ Kxf4 61. Rxh6 g3 62. Rf6+ Kg5 63. Rg6+ Kh4 64. Rg7 Rf2+ 65.
Kg1 Rg2+ 66. Kf1 Rf2+ 67. Ke1 Rf6 68. Bc4 Kxh5 69. Rxg3 $11 Rf5 70. Ke2 Kh6 71.
Ke3 Rg5 $1 {Das ist die Verteidigung auf der 2.Reihe: Entweder Turmtausch und
Remis oder Schwarz kann seinen König aus der Randstellung befreien.} 72. Rf3
Kg7 73. Ke4 Rg4+ 74. Kd5 Rg6 75. Bd3 Rg1 76. Ke5 Rg5+ 77. Bf5 Kf7 78. Ra3 Rg7 (
78... Kg7 $4 79. Ra6 (79. Ra7+ Kh8 (79... Kf8 80. Kf6 $18) 80. Ra6 Z0 81. Kf6
$140 $18) 79... Rg2 80. Ra7+ $1 Kh8 81. Rh7+ Kg8 82. Kf6 Kf8 $18) 79. Ra6 Ke7
80. Bg6 (80. Ra7+ Kf8 81. Ra6 Ke7 $11) 80... Kf8 (80... Rg8 $4 81. Ra7+ $18)
81. Rf6+ Ke7 82. Re6+ Kd7 83. Kd5 Kd8 (83... Re7 $11) (83... Kc7 $11) (83...
Kc8 $11) (83... Rg8 $11) 84. Ra6 Ke7 85. Ke5 Kf8 (85... Kd8 $11) 86. Rf6+ Ke7
87. Re6+ Kd7 88. Be8+ Kd8 89. Kf6 Ra7 90. Bf7 Kc7 91. Re1 Kd6 92. Be6 Rh7 93.
Rd1+ Kc5 94. Ke5 Rh5+ 95. Bf5 Rg5 96. Rc1+ Kb4 97. Ke4 Rh5 98. Rf1 Kc5 99. Kd3
Kd5 100. Rh1 1/2-1/2

[Event "Terres Catalanes"]
[Site "Manresa"]
[Date "1996.??.??"]
[Round "1"]
[White "Pablo Marin, Alejandro"]
[Black "Cifuentes Parada, Roberto"]
[Result "0-1"]
[WhiteElo "2370"]
[BlackElo "2500"]
[Annotator "Ernst,T"]
[PlyCount "76"]
[EventDate "1996.09.??"]
[EventType "tourn"]
[EventRounds "9"]
[EventCountry "ESP"]
[EventCategory "9"]
[SourceTitle "CBM 056"]
[Source "ChessBase"]
[SourceDate "1997.02.01"]
[SourceVersion "1"]
[SourceVersionDate "1997.02.01"]
[SourceQuality "1"]

1. e4 c5 2. Nf3 e6 3. d3 d5 4. Nbd2 Nc6 5. g3 Bd6 6. Bg2 Nge7 7. O-O O-O 8. Re1
Qc7 9. Nh4 (9. b3 Bd7 10. Bb2 d4 11. Nc4 e5 12. a4 b6 13. Qd2 f6 14. h4 Qb8 15.
Ba3 Bc7 16. Reb1 Be6 17. Kh2 Qc8 18. Qe2 Bg4 19. Qf1 f5 {0-1 Calvo Minguez,
R-Karpov,A/Madrid 1973 (35)}) (9. a3 Bd7 10. Qe2 f6 11. c3 a5 12. d4 cxd4 13.
Nxd4 Nxd4 14. cxd4 Qb6 {1/2-1/2 Maus,S-Ribli,Z/BL9091 1991 (34)}) (9. h4 Bd7 (
9... d4 10. h5 e5 11. Nh4 Be6 12. Nc4 Rae8 13. Qf3 f6 14. Bd2 Nb4 15. Rec1 b5
16. Nxd6 Qxd6 17. a3 Nbc6 18. Nf5 {1-0 Hracek,Z-Pritchett,C/BL2-N 1993 (39)})
10. Nf1 d4 (10... b5 11. N1h2 Rac8 12. c3 f6 13. Qe2 b4 14. h5 bxc3 15. bxc3
Qa5 16. Bd2 c4 {Terytse,M-Berg,E/WchJM-U14 St.Lorenzo 1995/0-1 (59)}) 11. N1h2
e5 12. h5 h6 13. Nh4 b5 14. Ng4 f6 15. Rf1 Qc8 16. Nh2 a5 17. g4 Ra7 18. a4
bxa4 19. Rxa4 Nb4 20. Ra1 c4 21. dxc4 Qxc4 22. c3 Nbc6 23. cxd4 Nxd4 24. Nf5
Nexf5 25. gxf5 Qe2 26. Nf3 Bc5 27. Nxd4 Qxd1 28. Rxd1 Bxd4 29. Bd2 a4 30. Bc3
Bxc3 31. bxc3 Rc8 32. Ra3 Rac7 33. Rd3 Bb5 34. Re3 {Wagener,C-Croonenborghs,T/
EU-chJM U20 Holon 1995/0-1 (49)}) (9. Nf1 b6 10. c3 Ba6 11. Qe2 Ng6 12. h4 Rad8
13. h5 Nge5 14. Nxe5 Nxe5 15. Rd1 dxe4 16. Qxe4 f5 17. Qe3 Qf7 18. d4 Ng4 19.
Qe1 Bxf1 20. Bxf1 Qxh5 21. Qxe6+ Kh8 22. Bg2 Rfe8 23. Qd5 Bxg3 {0-1 Volz,
H-Peschel,A/Regensburg op 1996}) 9... Bd7 10. f4 f6 11. exd5 (11. a4 Rac8 12.
Nf1 d4 13. Nd2 e5 14. Nc4 Be6 15. f5 Bf7 16. Bf3 a6 17. Bh5 b5 18. Bxf7+ Rxf7
19. axb5 axb5 20. Nxd6 Qxd6 21. Ra6 c4 22. Bd2 Qc5 23. Qb1 Nb4 24. Re6 Nec6 25.
Nf3 Ra7 26. g4 Kf7 27. g5 Nd8 28. Bxb4 Qxb4 29. gxf6 gxf6 30. Nxe5+ fxe5 31.
Rxe5 Qd2 32. b4 Kf6 {0-1 Lenz,A-Fogarasi,T/Zalakaros op 1991}) 11... exd5 12.
Nf1 Rae8 13. Ne3 Be6 14. Nc4 Bf7 15. Nxd6 Qxd6 16. f5 (16. c3 $142 d4 17. c4
$11) 16... Qd7 17. g4 {Der Vorstoß des f+g-Bauern bringtWei0 gar nichts außer
Schwächen.} d4 18. Bd2 Bd5 19. Bxd5+ Nxd5 20. Ng2 Rxe1+ 21. Qxe1 Re8 22. Qf2 {
Weiß ist zu langsam, um auf die Schwäche e6 spielen zu können.} Ne5 23. h3 a5
24. Re1 $2 (24. a3) 24... Qa4 $1 25. c4 dxc3 26. Bxc3 Nxc3 27. bxc3 Nxd3 28.
Rxe8+ Qxe8 29. Qg3 Ne5 30. g5 fxg5 31. Ne3 Nf7 32. Nc4 Qd8 33. Qe3 h6 34. Nxa5
Qd1+ 35. Kg2 Qd5+ 36. Kg1 Qxf5 37. Nb3 Qb1+ 38. Kg2 Qxa2+ 0-1

[Event "Stockholm"]
[Site "Stockholm"]
[Date "2002.08.06"]
[Round "4"]
[White "Poley, Vladimir"]
[Black "Ernst, Thomas"]
[Result "0-1"]
[WhiteElo "2334"]
[BlackElo "2462"]
[Annotator "Ernst,T"]
[PlyCount "104"]
[EventDate "2002.08.03"]
[EventType "tourn"]
[EventRounds "9"]
[EventCountry "SWE"]
[EventCategory "8"]
[SourceTitle "CBM 091"]
[Source "ChessBase"]
[SourceDate "2002.11.12"]
[SourceVersion "1"]
[SourceVersionDate "2002.11.12"]
[SourceQuality "1"]

1. Nf3 c5 2. g3 Nc6 3. Bg2 e5 4. O-O d5 5. c3 Bd6 6. d4 cxd4 7. cxd4 e4 8. Ng5
Nf6 9. Nc3 O-O 10. Nh3 h6 11. f3 exf3 12. Rxf3 Re8 13. Nf4 (13. Bf4 $6 Bg4 14.
Rf2 Qd7 15. Bxd6 Bxh3 $17) 13... Bc7 14. Re3 Rxe3 15. Bxe3 Ng4 16. Ncxd5 Nxe3
17. Nxe3 Bb6 18. Nc4 Qxd4+ 19. Qxd4 Bxd4+ 20. Kf1 (20. e3 Bc5 21. Rd1 Kf8 $11)
20... Bf5 21. Rd1 (21. Nd6 Bxb2 22. Rd1 Bh7 23. Nxb7 Ne5 $11) 21... Rd8 22. Nd5
Kf8 23. b4 a6 24. Na5 {White is playing for win.} Nxa5 25. bxa5 $6 (25. Rxd4
Nc6 26. Rc4 Be6 27. Rc5 (27. e4 $2 f5 $15) 27... Bxd5 $11) 25... Be5 $15 26.
Rc1 Be6 27. Nb6 Rd2 28. a4 Bb2 29. Rc7 Rd1+ 30. Kf2 Bd4+ 31. Kf3 $2 (31. e3
Rd2+ 32. Kf3 Bxb6 33. axb6 Bd7 $1 (33... Bd5+ 34. e4 Bc6 35. Bf1 (35. Bh3)
35... Rd6 36. Bc4 (36. Bxa6 $2 bxa6 37. b7 Bxb7 38. Rxb7 Rd4 39. a5 Ra4 $17))
34. Kf4 $1 (34. a5 Bc6+ 35. e4 Ra2 36. Bf1 Rxa5 37. Bc4 Re5 38. Rxf7+ Ke8 39.
Rxg7 Rxe4 $19) 34... Bxa4 35. Bxb7 Rd6 36. Bxa6 Rxb6 $11) 31... Rb1 32. Nd7+ (
32. Ke4 Bxb6 33. axb6 Rxb6 $17) 32... Ke8 33. Nc5 Bd5+ 34. e4 Bc6 35. Nxa6 Be5
$2 (35... Rb2 $19) 36. Rc8+ Kd7 37. Bh3+ Kd6 38. Nb8 (38. Rd8+ Ke7 39. Rc8 Rb3+
40. Ke2 Rb2+ 41. Kf3 Rxh2 42. Bf1 (42. Bf5 g6) 42... Bd7 $19) 38... Bxa4 39. a6
Rb3+ 40. Kf2 Rb2+ 41. Kf3 bxa6 42. Nxa6 Rxh2 43. Bf1 Rb2 44. Rd8+ Ke7 45. Rd5
f6 46. Nc5 Bc6 47. Rd3 Rc2 48. Na6 f5 49. Ra3 Bxe4+ 50. Ke3 Bxg3 51. Nb4 Bf2+
52. Kf4 g5+ 0-1